Semana Santa de Sanlúcar de Barrameda - Estadísticas

Estadísticas generales
  • Esta prueba ha sido intentada 40 veces
  • La puntuación promedio es 28 de 53
Estadísticas de respuestas
% Correcto
Hermandad de La Borriquita
91%
Hermandad de El Huerto
86%
Nuestro Padre Jesús de la Oración en el Huerto
86%
Hermandad de La Cena
82%
Hermandad de El Cautivo
77%
Hermandad de El Resucitado
77%
Hermandad de El Santo Entierro
77%
Hermandad de La Esperanza
77%
Hermandad de La Tercera Caída
77%
Hermandad de El Silencio
73%
Hermandad de La Sed
73%
María Santísima de Gracia y Esperanza
73%
Hermandad de Los Dolores
68%
María Santísima del Amor
68%
Nuestro Padre Jesús Cautivo
68%
Santísimo Cristo de la Sed
68%
Hermandad de El Prendimiento
64%
Hermandad de La Bondad
64%
Hermandad de Las Angustias
64%
Hermandad del Pusillus Grex
64%
María Santísima de la Estrella
64%
Nuestro Padre Jesús de la Bondad
64%
Nuestro Padre Jesús del Silencio
64%
Hermandad de El Consuelo
59%
Hermandad de La Cañita
59%
Hermandad de Los Estudiantes
59%
María Santísima de Las Angustias
59%
María Santísima del Mayor Dolor
59%
Nuestro Padre Jesús del Prendimiento
59%
Santísimo Cristo del Amor y Humildad
59%
Hermandad de El Nazareno
55%
Hermandad de La Vera Cruz
55%
Nuestro Padre Jesús del Consuelo
55%
Santísimo Cristo de la Expiración
55%
Nuestra Señora de la Victoria
50%
Nuestro Padre Jesús Nazareno
50%
Santísimo Cristo de la Vera Cruz
50%
Nuestra Señora de las Lágrimas
45%
Nuestro Padre Jesús del Soberano Poder
36%
Hermandad de Santa Ángela
32%
Nuestra Señora de los Dolores Coronada
32%
Santísimo Cristo de las Misericordias
32%
Soledad de María Santísima
32%
María Santísima de la Esperanza Coronada
27%
Nuestra Señora de la Soledad en los Misterios Dolorosos del Santo Rosario
27%
Nuestro Padre Jesús de la Humilldad y Paciencia en su Sagrada Coronación de Espinas
23%
Nuestro Padre Jesús de la Paz en su Entrada Triunfal en Jerusalén
23%
Santísimo Cristo de los Milagros, Nuestra Madre y Señora de las Penas, San Juan Evangelista y Santa María Magdalena
23%
Santo Entierro de Nuestro Señor Jesucristo
18%
Tercera Caída de Nuestro Señor Jesucristo
9%
Sagrada Cena de Nuestro Señor Jesucristo
5%
Nuestra Señora de la Amargura y San Juan Evangelista
0%
Sagrada Resurección de Nuestro Señor Jesucristo
0%
No se encontraron pruebas coincidentes
Distribución de puntuación
Porcentaje de gente con cada puntuación
Porcentaje por número respondido
Historial de tus puntuaciones
No has intentado esta prueba.